Statistiques concernant Trouve les noms des fandoms de kpop

Cliquez ici pour prendre le quiz!

Statistiques générales

  • Ce quiz a été pris 95 fois
    (3 depuis la dernière actualisation)
  • Le résultat moyen est 18 sur 30

Statistiques - réponses

HintRéponse% Correct
AteezAtiny
100%
BlackpinkBlink
100%
SeventeenCarat
100%
TxtMoa
100%
(G)i-dleNeverland
100%
Stray KidsStay
100%
BTSArmy
67%
RiizeBriize
67%
IveDive
67%
EnhypenEngene
67%
ExoExo-L
67%
Le sserafimFearnot
67%
McndGem
67%
IkonIkonic
67%
Monsta XMonbebe
67%
MamamooMoomoo
67%
AespaMy
67%
TwiceOnce
67%
P1HarmonyP1ece
67%
ShineeShawol
67%
NewJeansBunnies
33%
A.c.eChoice
33%
EverglowForever
33%
ItzyMidzy
33%
NctNctizen
33%
NmixxNswer
33%
WayvWayzenni
33%
DreamcatcherInsomnia
0%
Kiss Of LifeKissy
0%
Girl's GenerationSone
0%

Distribution des résultats

Percentile par nombre de réponses

% des personnes avec chaque résultat

Votre développement - résultats

Vous n’avez pas pris ce quiz depuis la dernière actualisation